000 00474nam a2200181Ia 4500
008 090124s9999 xx 000 0 und d
082 _b125161
100 _aपाटील देवदत्त
245 _a व्याध
250 _a1
260 _c1992
300 _a364
600 _aपाटील देवदत्त
630 _a व्याध
700 _aपाटील देवदत्त
730 _a व्याध
942 _cBOOK
999 _c171249
_d171249